000 00766nam a2200217Ia 4500
001 9293
003 GE_BSU
008 181216s||||||||xx |||||||||||||| ||und||
040 _cGE_BSU
080 _a69.05(035.5)
100 _aЛифанов,И.С. Шерстюков,Н.Г.
245 _aМетрология средства и методы контроля качества в строительстве.
245 _bСправ. пособие.
245 _cРед. И.Г.Захаров.
260 _aМ.
260 _bСтройиздат.
260 _c1979.
300 _a223 стр.с илл. 20 см.
653 _aМетрология средства и методы контроля качества в строительстве.
942 _cBK
999 _c42590
_d42590